| 000 | 00487nam a2200181 a 4500 | ||
|---|---|---|---|
| 001 | 2185 | ||
| 003 | CO-ViMGA | ||
| 008 | 141112s2004 ck r 000 u spa d | ||
| 040 |
_aCO-ViMGA _bspa _cCO-ViMGA |
||
| 082 | 0 | 4 | _aCo861.44 S458o |
| 100 | 1 |
_aSilva, Miguel _950940 |
|
| 245 | 1 | 0 | _aLa oscuridad no viene desarmada |
| 260 |
_aSantafé de Bogotá : _bSimón y Lola Guberek, _c1992 |
||
| 300 | _a74 p | ||
| 490 | _aLiteraria, 40 | ||
| 650 | 1 | 4 |
_aPOESIA COLOMBIANA _91069 |
| 942 |
_2ddc _cBK |
||
| 999 |
_c14290 _d14290 |
||